Crossroads between culture and mind : continuities and change in theories of human nature
Saved in:
| Main Author: | |
|---|---|
| Format: | Book |
| Language: | English |
| Published: |
New York :
Harvester Wheatsheaf,
1992
|
| Series: | Theoretical imagination in psychology series
|
| Subjects: | |
| Tags: |
Add Tag
No Tags, Be the first to tag this record!
|
MARC
| LEADER | 00000nam a2200000 i 4500 | ||
|---|---|---|---|
| 001 | 1/11069 | ||
| 008 | 970729s1992 eng d | ||
| 020 | |a 0-7450-0854-2 | ||
| 035 | |1 ΠΑΡ |a 1997 |l 10018113 | ||
| 040 | |a GR-MY-UA |b gre |e aacr | ||
| 041 | 0 | |a eng | |
| 082 | 0 | |a 155.8 | |
| 100 | 1 | |a Jahoda, Gustav. | |
| 245 | 1 | 0 | |a Crossroads between culture and mind : |b continuities and change in theories of human nature / |c Gustav Jahoda |
| 260 | |a New York : |b Harvester Wheatsheaf, |c 1992 | ||
| 300 | |a 221 p. | ||
| 490 | 1 | |a Theoretical imagination in psychology series | |
| 504 | |a Includes bibliographical references and index | ||
| 650 | 0 | 0 | |a Ethnopsychology. |
| 650 | 0 | 0 | |a Ethnopsychology |x History. |
| 830 | 0 | |a Theoretical imagination in psychology series | |
| 852 | |a INST |b LESVOS |e 19970729 |h 155.8 JAH |p 005100010862 |q 005100010862 |t BK |y 0 | ||
| 909 | |a Λ |b 034063 | ||
| 922 | |a 1ΕΛΗ |b 199402 |c ΜΟΥΤΑΦΗ | ||